[Event "Bangkok Big Rook op 4th"]
[Site "Bangkok"]
[Date "2024.05.04"]
[Round "6"]
[White "Enkhtuul, Altanulzii"]
[Black "Liem, Godwin"]
[Result "1-0"]
[WhiteElo "2205"]
[BlackElo "1888"]
[PlyCount "97"]
[EventDate "2024.05.01"]
[EventType "swiss"]
[EventRounds "9"]
[EventCountry "THA"]
[SourceTitle "CBM 220 Extra"]
[Source "ChessBase"]
[SourceDate "2024.07.31"]
[SourceVersion "1"]
[SourceVersionDate "2024.07.31"]
[SourceQuality "1"]

1. Nf3 d5 2. d4 Nc6 3. g3 Bg4 4. Nbd2 Nf6 5. Bg2 e6 6. 0-0 Be7 7. c3 0-0 8. Qe1 Bxf3 9. exf3 Nb8 10. Nb3 Nbd7 11. Na5 c6 12. b4 Qc8 13. f4 Bd8 14. Ba3 b5 15. Bf3 Nb6 16. g4 Ne8 17. Bd1 Nd6 18. Qe2 Nbc4 19. Nxc4 Nxc4 20. Bc1 a5 21. bxa5 Bxa5 22. Bc2 f5 23. Qd3 g6 24. g5 Bc7 25. Bb3 Na5 26. Bd2 Bd6 27. h4 Qc7 28. Qe3 Rfe8 29. h5 Ra7 30. hxg6 hxg6 31. Kg2 Qb8 32. Rh1 Rg7 33. Rh4 Kf7 34. Rah1 Reg8 35. Rh7 Qc8 36. R1h6 Rxh7 37. Rxh7+ Rg7 38. Qh3 Bf8 39. Rh8 Rg8 40. Rh7+ Rg7 41. Rh4 Bd6 42. Bd1 Nc4 43. Bc1 Qa8 44. Rh6 Qxa2 45. Rxg6 Rxg6 46. Qh7+ Rg7 47. Bh5+ Kf8 48. Qh8+ Ke7 49. Qe8# 1-0

[Event "Eastern Asia-ch U18 7th"]
[Site "Hainan"]
[Date "2023.08.06"]
[Round "5"]
[White "Lai, Duc Minh1"]
[Black "Liem, Godwin"]
[Result "1/2-1/2"]
[WhiteElo "1827"]
[BlackElo "1768"]
[PlyCount "49"]
[EventDate "2023.08.04"]
[EventType "swiss"]
[EventRounds "9"]
[EventCountry "CHN"]
[SourceTitle "EXT 2024"]
[Source "ChessBase"]
[SourceDate "2023.10.10"]
[SourceVersion "1"]
[SourceVersionDate "2023.10.10"]
[SourceQuality "1"]

1. d4 d5 2. Bf4 Nf6 3. Nc3 c6 4. Nf3 Bf5 5. e3 Nbd7 6. Bd3 Bg6 7. 0-0 e6 8. a3 Be7 9. Qe2 0-0 10. Bxg6 hxg6 11. e4 dxe4 12. Nxe4 Nxe4 13. Qxe4 Nf6 14. Qe2 Qd5 15. Rfe1 Qf5 16. Be5 Rfd8 17. h3 g5 18. c4 g4 19. hxg4 Nxg4 20. Rad1 Rd7 21. Rd2 Rad8 22. Red1 Bd6 23. Bxd6 Rxd6 24. g3 Nf6 25. Kg2 1/2-1/2

[Event "World Cup U16 Prel"]
[Site "Tornelo INT"]
[Date "2021.08.16"]
[Round "8"]
[White "Liem, Godwin"]
[Black "Putar, Leon"]
[Result "1-0"]
[WhiteElo "1664"]
[BlackElo "1918"]
[PlyCount "67"]
[EventDate "2021.08.16"]
[EventType "swiss (rapid)"]
[EventRounds "10"]
[EventCountry "NET"]
[SourceTitle "EXT 2025"]
[Source "ChessBase"]
[SourceDate "2024.10.14"]
[SourceVersion "1"]
[SourceVersionDate "2024.10.14"]
[SourceQuality "1"]

1. d4 Nf6 2. Bf4 g6 3. Nc3 d5 4. e3 Bg7 5. h4 h5 6. Nf3 0-0 7. Ne5 c5 8. Be2 Nc6 9. Nxc6 bxc6 10. 0-0 Re8 11. a3 cxd4 12. exd4 Bf5 13. Bd3 Qd7 14. Na4 Bxd3 15. Qxd3 Qg4 16. g3 Ne4 17. f3 Qf5 18. fxe4 dxe4 19. Qe3 Qg4 20. c3 Rad8 21. Bc7 Rd7 22. Qf4 Qh3 23. Nc5 e5 24. Bxe5 Rde7 25. Nxe4 Bxe5 26. dxe5 Rxe5 27. Nf6+ Kf8 28. Nxe8 Rf5 29. Qd6+ Kg8 30. Rxf5 gxf5 31. Nf6+ Kg7 32. Nxh5+ Kh7 33. Qf6 Qg4 34. Qg7+ 1-0